000 00892nam a2200241Ia 4500
003 OSt
005 20220923221626.0
006 a|||||r|||| 00| 0
007 ta
008 220922b |||||||| |||| 00| 0 hin d
024 _a198,761
037 _cTextual
040 _aARTS
_cARTS
_bhin
041 _2hin
_ahin
082 _aP152:795, 152L4;M1
100 _aतिवारी, भोलानाथ; चतुर्वेदी, महेन्द्र
_9165520
245 0 _aकाव्यानुवाद की समस्याएॅं
246 _aKāvyānuvād kī samasyāeॅan
260 _aदिल्ली
_b शब्दाकार
_c1980
300 _a132पृ.
_ccm.
942 _hP152:795, 152L4;M1
_cTEXL
_2CC
999 _c350570
_d350570